Jeffery Austin

North Carolina C


Categories

History - Other History04014091116.5024
History - World History1100254583.0012
History - European History020120129130.0012
Social Science020020123125.5002
Mythology010110136136.0001
History - American History010110121121.0001
Pop Culture010110140140.0001
Religion000000.0000

Buzzes

History - World HistoryCircassians1545
History - Other HistorySardinia1091
ReligionSalafi0114
History - Other HistoryMuhammad10118
History - American Historythe trial of Julius and Ethel Rosenberg10121
History - World HistoryOromo people10121
Social SciencePersian10123
History - Other HistoryIreland10127
Social Sciencehegemony10128
History - European HistoryRomanian Revolution10129